| 000 | 00353pab a2200145 454500 | ||
|---|---|---|---|
| 008 | 180718b1999 xxu||||| |||| 00| 0 eng d | ||
| 100 | _aSingh, Sushma | ||
| 245 | _aAdolescents are a generation under pressure | ||
| 260 | _c1999 | ||
| 300 | _ap.47-58 | ||
| 362 | _aSpring | ||
| 650 | _aYouth | ||
| 773 | _aJournal of Higher Education | ||
| 909 | _a43148 | ||
| 999 |
_c43148 _d43148 |
||